| 000 | 01089nam a2200253 a 4500 | ||
|---|---|---|---|
| 001 | BRCA_7977 | ||
| 005 | 20190320210059.0 | ||
| 008 | 110314s1959----fr-a###f##---#001-0#fre-# | ||
| 041 | _afre | ||
| 044 | _afr | ||
| 050 | 4 |
_aND3171 _b.M56 _c1959 |
|
| 245 | 1 | 0 |
_aLe siècle d´or de la miniature flamande _ble mècènat de Philippe Le Bon _cBibliothèque Nationale. |
| 260 |
_aParis _bBibliothèque Nationale _c1959 |
||
| 300 |
_a204 p. _bil., (algunas a color) 64 láminas _c25 cm. |
||
| 500 | _aExposition organisee a l´ocasion du 400e. anniversaire de la fondation de la Bibliotèque Royale de Philippe II, a Bruxelles le avril 1559; Palais des beaux-arts, Bruxelles, avril-mai-juin 1959 | ||
| 500 | _aTres ejemplares idénticos e independientes inventariados como un sólo libro por el Banco de México | ||
| 500 | _aX3 | ||
| 600 | 1 | 4 |
_aLe Bon Philippe _cPhilippe II _d1396-1467 _919779 |
| 650 | 1 | 4 |
_aPintura flamenca _vExposiciones _zBélgica _919780 |
| 650 | 1 | 4 |
_aArte flamenco _vArtistas _zBélgica _919781 |
| 710 | 2 |
_aBibliotèque Nationale _919782 |
|
| 902 | _aGFM | ||
| 942 |
_2lcc _cB |
||
| 999 |
_c7646 _d7646 |
||